Top 15 non-English Languages by State (Maine) - Statistics

General Stats
  • This quiz has been taken 12 times
  • The average score is 11 of 15
Answer Stats
Answer % Correct
French
100%
Spanish
100%
Arabic
91%
German
91%
Japanese
91%
Korean
91%
Russian
91%
Polish
82%
Tagalog
82%
Chinese
73%
Vietnamese
73%
Thai
55%
Cambodian
45%
Cushite
0%
Nilotic
0%
No matching quizzes found
Score Distribution
Percent of People with Each Score
Percentile by Number Answered
Your Score History
You have not taken this quiz